00693nam a22002417a 4500003000500000005001700005008004100022010001000063011001000073035001000083040000900093082001900102100002600121245003800147260003100185300002000216490005700236650002200293650002700315700002700342700002500369830005700394CHAP20220329141052.0971013s1996 r 00010 d a62142 a63114 a67290 cCHAP a581.13345bS4400aShewry, Peter R.eed. aProtein phosphorylation in plants aOxford :bClarendon,c1996 a320 p.b: ilus. aProceeding of the Phytochemical Society Europev; 3914aFosfoproteínas.14aProteínas vegetales.0 aHalford, Nigel G.eed.0 aHooley, Richardeed.0 aProceeding of the Phytochemical Society Europev; 39